000
00267 a2200121 4500
001
194942
040
_c
Magnum
100
_a
SARAMAGO, José
240
1
0
_a
A maior flor do mundo
_l
por
245
1
0
_a
A maior flor do mundo
697
_a
LITERATURA INFANTIL
942
_c
BK
999
_c
194942
_d
194942